| 000 | 00692nam a2200133Ia 4500 | ||
|---|---|---|---|
| 008 | 220620s9999||||xx |||||||||||||| ||und|| | ||
| 020 | _a9782890000000 | ||
| 245 | 0 | _aLexical Tone Perception in Infants and Young Children: Empirical Studies and Theoretical Perspectives | |
| 546 | _aEnglish[eng] | ||
| 650 | _ainfant and child development||Tone perception||tone processing||tone word learning||tone acquisition||Tone production | ||
| 700 | _aSingh, Leher||Burnham, Denis||Hay, Jessica||Liu, Liquan||Mattock, Karen | ||
| 856 | _uhttps://www.frontiersin.org/research-topics/5181/lexical-tone-perception-in-infants-and-young-children-empirical-studies-and-theoretical-perspectives | ||
| 942 | _cEB | ||
| 999 |
_c29780 _d29780 |
||